Interpreting the Synoptic Gospels. (Record no. 9766)

MARC details
000 -LEADER
fixed length control field 00626nam a2200241 a 4500
020 ## - INTERNATIONAL STANDARD BOOK NUMBER
ISBN 0801057
082 00 - DEWEY DECIMAL CLASSIFICATION NUMBER
Classification number 226.06
Author Cutter MCK
100 ## - MAIN ENTRY--AUTHOR NAME
Author name Mcknight, Scot
245 ## - TITLE STATEMENT
Title Interpreting the Synoptic Gospels.
260 ## - PUBLICATION, DISTRIBUTION, ETC. (IMPRINT)
Place of publication Grand Rapids
Name of publisher Baker Book House
Year of publication 1988
300 ## - PHYSICAL DESCRIPTION
Number of Pages 141p
500 ## - GENERAL NOTE
General note includes index and biblioraphy
505 2# - FORMATTED CONTENTS NOTE
Formatted contents note guides to new testament exegesis
650 ## - SUBJECT ADDED ENTRY--TOPICAL TERM
Topical Term Bible N.T. Gospel
942 ## - ADDED ENTRY ELEMENTS (KOHA)
Koha item type Books
700 1# -
-- Mcknight, Scot
Holdings
Collection code Home library Current library Date acquired Cost, normal purchase price Full call number Accession Number Koha item type
  Henry Martyn Institute Library Henry Martyn Institute Library 06/20/2007 245.00 226.06 MCK 019652 Books
                   Copyright © 2026 | Henry Martyn Institute | Hyderabad | TS-500052 | INDIA | Implemented by hmi.edu.in
Hit-Count:

Powered by Koha